00690cam a22002291 4500001001300000003000400013005001700017008004100034010001700075025002100092035002000113040002300133042001200156050001900168100002800187245005000215260006600265300002300331500007800354500001100432999001700443sa 66000517 DLC20260227112215.0960912s195u pk 000 0 pusr  asa 66000517  aPL480:Pushto-101 a(OCoLC)35526691 aDLCcCLUdCLUdDLC apremarc00aPK6820.R3bD251 aRasa, Mian Sayed Rasul.00aDa bedyā gulānah,cSayyid Rasūl Rasā. aPishāwar Shahar,bIdārah-yi Ishāʻat-i Sarḥadc[195-] a15, 321 p.c21 cm. aBinder's title: Da Bediyā gulūnah [by] Miyān Sayyid Rasūl Rasā. aPoems. c67296d67296